| 000 | 00381nam a22001577a 4500 | ||
|---|---|---|---|
| 008 | 230920b |||||||| |||| 00| 0 eng d | ||
| 020 | _a0-02946440-4 | ||
| 082 | _a105.32 | ||
| 100 | _aW. Stalling | ||
| 245 |
_aData AND Computer Communication _cW. Stalling |
||
| 260 |
_aLondon _bMaxwel _c1985 |
||
| 300 | _a643 | ||
| 650 | _aBB CSE | ||
| 796 | _aW. Stalling | ||
| 942 |
_2ddc _cBK |
||
| 999 |
_c20182 _d20182 |
||